000 00318nam a22001337a 4500
020 _a9781439879948
082 _a551
_bCHA/FO
100 _aChang,Mingteh
_9483
245 _aForest Hydrology An Introduction To water And Forests
250 _a3
260 _aNew York
_bCRC Press
_c2013
300 _a569
942 _cBK
999 _c14340
_d14340